Statistics for All Alabama Post Season Opponents College Football

Click here to take the quiz!

General Stats

  • This quiz has been taken 444 times
  • The average score is 47 of 64

Answer Stats

SeasonBowlW/L/TOpponent% Correct
1977Sugar BowlWOhio State
97%
2014Sugar Bowl (CFP Semifinal)LOhio State
97%
1994Citrus BowlWOhio State
97%
2015CFP National ChampionshipWClemson
96%
1999Orange BowlLMichigan
95%
1987Hall Of Fame BowlLMichigan
95%
1996Outback BowlWMichigan
95%
1981Cotton BowlLTexas
93%
1964Orange BowlLTexas
93%
1960Bluebonnet BowlTTexas
93%
2009BCS National ChampionshipWTexas
93%
1947Sugar BowlLTexas
93%
1972Cotton BowlLTexas
93%
2010Capital One BowlWMichigan State
91%
2015Cotton Bowl (CFP Semifinal)WMichigan State
91%
2011BCS National ChampionshipWLSU
89%
1962Orange BowlWOklahoma
89%
2013Sugar BowlLOklahoma
89%
1970Bluebonnet BowlTOklahoma
89%
1973Sugar BowlLNotre Dame
87%
2012BCS National ChampionshipWNotre Dame
87%
1974Orange BowlLNotre Dame
87%
1945Rose BowlWUSC
86%
1985Aloha BowlWUSC
86%
2008Sugar BowlLUtah
78%
1986Sun BowlWWashington
78%
1925Rose BowlWWashington
78%
1989Sugar BowlLMiami
77%
1992Sugar BowlWMiami
77%
1976Liberty BowlWUCLA
76%
1975Sugar BowlWPenn State
75%
1978Sugar BowlWPenn State
75%
1959Liberty BowlLPenn State
75%
1967Cotton BowlLTexas A&M
72%
1941Cotton BowlWTexas A&M
72%
2006Independence BowlLOklahoma State
70%
1966Sugar BowlWNebraska
68%
1965Orange BowlWNebraska
68%
1971Orange BowlLNebraska
68%
2005Cotton BowlWTexas Tech
68%
1934Rose BowlWStanford
64%
1926Rose BowlTStanford
64%
2007Independence BowlWColorado
63%
1991Blockbuster BowlWColorado
63%
1969Liberty BowlLColorado
63%
1961Sugar BowlWArkansas
61%
1979Sugar BowlWArkansas
61%
1998Music City BowlLVirginia Tech
61%
2004Music City BowlLMinnesota
59%
1930Rose BowlWWashington State
58%
1980Cotton BowlWBaylor
57%
1944Sugar BowlLDuke
54%
1968Gator BowlLMissouri
54%
2001Independence BowlWIowa State
53%
1993Gator BowlWNorth Carolina
53%
1982Liberty BowlWIllinois
52%
1952Orange BowlWSyracuse
52%
1988Sun BowlWArmy
50%
1990Fiesta BowlLLouisville
46%
1942Orange BowlWBoston College
44%
1937Rose BowlLCalifornia
42%
1983Sun BowlWSMU
42%
1963Sugar BowlWOle Miss
36%
1953Cotton BowlLRice
32%

Score Distribution

Percentile by Number Answered

Percent of People with Each Score

Your Score History

You have not taken this quiz